Sociálna ekonomika ako priestor pre aktívne starnutie

Sociálna ekonomika a sociálne potreby spoločnosti. Sociálna ekonomika a jej nástroje, ktoré prinášajú možnosti ako napomôcť k aktívnemu starnutiu, a tak predísť sociálnemu vylúčeniu obyvateľov staršej vekovej kategórie.

Guardado en:
Detalles Bibliográficos
Autor principal: Pongráczová, Eva, 1971-
Formato: Capítulo de libro
Lenguaje:eslovaco
Materias:
Etiquetas: Agregar Etiqueta
Sin Etiquetas, Sea el primero en etiquetar este registro!

MARC

LEADER 00000nla a2200000 4500
001 0160644
005 20250514141950.9
041 0 |a slo 
044 |a SK 
245 1 0 |a Sociálna ekonomika ako priestor pre aktívne starnutie  |c Eva Pongráczová 
520 |a Sociálna ekonomika a sociálne potreby spoločnosti. Sociálna ekonomika a jej nástroje, ktoré prinášajú možnosti ako napomôcť k aktívnemu starnutiu, a tak predísť sociálnemu vylúčeniu obyvateľov staršej vekovej kategórie. 
610 2 0 |a ekonomika sociálna 
610 2 0 |a politika sociálna 
610 2 0 |a programy sociálne 
610 2 0 |a riadenie sociálno-ekonomické 
610 2 0 |a nástroje politiky sociálnej 
610 2 0 |a vek postproduktívny 
610 2 0 |a ukazovatele demografické 
610 2 0 |a inklúzia 
100 1 |a Pongráczová, Eva, 1971-